Άγιος Νεκτάριος Πενταπόλεως : η επίσκεψή του στη Σύρο, στην Αγία Παρασκευή και άλλα κείμενα - μαρτυρίες

Αποθηκεύτηκε σε:
Λεπτομέρειες βιβλιογραφικής εγγραφής
Κύριος συγγραφέας: Χατζηγεωργίου, Μιχαήλ Π.
Μορφή: Βιβλίο
Γλώσσα:Greek
Δημοσίευση: Σύρος : Μ.Π. Χατζηγεωργίου, 1996.
Θέματα:
Ετικέτες: Προσθήκη ετικέτας
Δεν υπάρχουν, Καταχωρήστε ετικέτα πρώτοι!

MARC

LEADER 00000cam a2200000 i 4500
001 1/50317
008 140630s1996 gr | ||| |||| | gre||
035 |l 10118140 
040 |a GR-MyUa  |b gre  |e AACR2 
041 0 |a gre 
082 7 |a 922   |2 (22) 
100 1 |a Χατζηγεωργίου, Μιχαήλ Π. 
245 1 0 |a Άγιος Νεκτάριος Πενταπόλεως :   |b η επίσκεψή του στη Σύρο, στην Αγία Παρασκευή και άλλα κείμενα - μαρτυρίες /   |c Μιχαήλ Π. Χατζηγεωργίου. 
260 |a Σύρος :   |b Μ.Π. Χατζηγεωργίου,   |c 1996. 
300 |a 175 σ. :   |b εικ. ;   |c 21 εκ. 
504 |a Βιβλιογραφία: σ. 171-172. 
600 0 0 |a Νεκτάριος Κεφαλάς,   |c Άγιος,   |c Μητροπολίτης Πενταπόλεως,   |d 1846-1920. 
650 0 |a Biography. 
650 0 |a Christian biography  |z Greece  |z Syros Island. 
852 |a INST  |b SYROS  |c KYK  |e 20140701  |h 922 ΧΑΤ  |p 005500010934  |q 005500010934  |t BK  |y 0 
901 |a BIBL5-2014-2 
970 |a Τσουκαλά  |b Αλίκη  |z 01/07/2014